| 000 | 01001nam a2200325 i 4500 | ||
|---|---|---|---|
| 001 | 016492484 | ||
| 003 | EG-ScBUE | ||
| 005 | 20250612140701.0 | ||
| 008 | 131113t2014 enka f b 001 0 eng d | ||
| 020 | _a9781292021577 (pbk.) | ||
| 020 | _a1292021578 (pbk.) | ||
| 040 |
_aStDuBDS _beng _erda _cStDuBDS _dUk _dEG-ScBUE |
||
| 082 | 0 | 4 |
_a535 _222 _bHEC |
| 100 | 1 |
_aHecht, Eugene, _eauthor. |
|
| 245 | 1 | 0 |
_aOptics / _cEugene Hecht. |
| 250 | _aFourth edition. | ||
| 250 | _aPearson new international edition. | ||
| 264 | 1 |
_aHarlow, United Kingdom : _bPearson Education Limited, _c[2014] |
|
| 264 | 4 | _cc2014 | |
| 300 |
_aii, 680 pages : _billustrations ; _c28 cm. |
||
| 336 |
_2rdacontent _atext _btxt |
||
| 337 |
_aunmediated _2rdamedia _bn |
||
| 338 |
_avolume _bnc _2rdacarrier |
||
| 490 | 0 | _aPearson custom library | |
| 504 | _aIncludes bibliographical references and index. | ||
| 650 | 7 |
_aOptics. _2BUEsh |
|
| 653 |
_bENGGEN _cMarch2015 |
||
| 655 |
_vReading book _934232 |
||
| 942 |
_2ddc _cBB |
||
| 999 |
_c19045 _d19017 |
||